000 00309nam a22001217a 4500
008 160503b xxu||||| |||| 00| 0 eng d
020 _a9780781723930
020 _a0781723930
041 _aeng
080 _a61
245 _aMayo internal medicine board review:
_cUdaya B. S. Prakash; M. D. ;
942 _2udc
_cBK
999 _c1747
_d1747